01478nmc a2200445 a 4500003000900000005001700009008004100026040001300067111012500080245005300205250001200258260003300270300001500303490005900318500002800377504005500405600001900460610004300479650003000522650002000552650002300572650002100595650003200616650002400648650002300672650002400695650002400719653002200743653002800765700001800793700001800811700002000829700002600849700001800875700002000893700003100913700002300944700002300967800004200990AR-BaBNM20251128203857.0011101s1986 ||||||||||||||000 | spa|| cAR-BaBNM2 aCongreso Iberoamericano de Educación sobre Valores de la Persona y Técnicas Educativasd1-5 sept. 1981cBuenos Aires10aValores de la persona y técnicas educativasn3 a2ª ed. aBuenos AiresbDocenciac19860 ap. 193-421 0aCongreso Pedagógico. Compromiso y creatividadvv. 300 aContiene comunicaciones aContiene bibliografía en notas a pie de página14aZubiri, Xavier24aCongreso Iberoamericano de Educación 4aFILOSOFIA DE LA EDUCACION 4aVALORES MORALES 4aVALORES CULTURALES 4aVALORES SOCIALES 4aFINALIDADES DE LA EDUCACION 4aIGLESIA Y EDUCACION 4aESTADO Y EDUCACION 4aEDUCACION CRISTIANA 4aEDUCACION RELIGIOSA 0aSISTEMA EDUCATIVO 0aEDUCACION PERSONALIZADA1 aPrini, Prieto1 aKomar, Emilio1 aOliveros, Angel1 aMedina Rubio, Rogelio1 aPetty, Miguel1 aPró, Diego F.1 aSastre de Cabot, Josefa M.1 aFinance, Joseph de1 aLeocata, Francisco1 aGómez de Mier, Eugenioecoordinador